A levélíró Benedek Elek
Elmentve itt :
| Szerző: | |
|---|---|
| Adatforrás: | Meister |
| Forrásdokumentuma: | A Hét. - 7 sz., 1992, 7 p. |
| Nyelv: | magyar |
| Kulcsszavak: | irodalomtörténet sajtó BENEDEK Elek SZENTIMREI Jenő SZABÓ Dezső TAMÁSI Áron Cimbora Brassói Lapok |
| LEADER | 00520nab a2200205 i 4500 | ||
|---|---|---|---|
| 001 | bibPRO00006449 | ||
| 008 | 060524s1992 xx hun | ||
| 040 | |a Sz1 | ||
| 041 | |a hun | ||
| 100 | 1 | |a BOGDÁN László | |
| 245 | 1 | 2 | |a A levélíró Benedek Elek |c BOGDÁN László |
| 695 | |a irodalomtörténet | ||
| 695 | |a sajtó | ||
| 695 | |a BENEDEK Elek | ||
| 695 | |a SZENTIMREI Jenő | ||
| 695 | |a SZABÓ Dezső | ||
| 695 | |a TAMÁSI Áron | ||
| 695 | |a Cimbora | ||
| 695 | |a Brassói Lapok | ||
| 773 | 0 | |t A Hét. - |g 7 sz., 1992, 7 p. | |